PROCEEDINGS of the Malaysia-ITTO International Workshop on Growth and Yield of Managed Tropical Forests

Bibliographic Details
Other Authors: Shaharuddin bin Mohamad Ismail
Format: Book
Published: Kuala Lumpur : Forestry Department Peninsular Malaysia , 2002
Subjects:

MARC

LEADER 00000cam a2200000 7i4500
001 0000002210
005 20030325.0
020 0 0 |a 9839269178 
090 0 0 |a JPSM634.92   |b PRO 2002 
245 0 0 |a PROCEEDINGS of the Malaysia-ITTO International Workshop on Growth and Yield of Managed Tropical Forests   |c edited by Shaharuddin bin Mohamad Ismail ... (et al.) 
260 0 0 |a Kuala Lumpur :   |b Forestry Department Peninsular Malaysia ,   |c 2002 
300 |a vii, 283 p. :   |b ill.26 ;   |c cm. 
500 0 0 |a Includes bibliographies 
650 0 0 |a Forest management   |x Congresses 
650 0 0 |a Forests and forestry   |x Congresses 
700 0 1 |a Shaharuddin bin Mohamad Ismail 
998 |a JPSM 
999 |a 0000003725   |b Monograph   |c Open Shelf   |e Default branch 
999 |a 0000003726   |b Monograph   |c Open Shelf   |e Default branch 
999 |a 0000003727   |b Monograph   |c Open Shelf   |e Default branch 
999 |a 0000003728   |b Monograph   |c Open Shelf   |e Default branch 
999 |a 0000003729   |b Monograph   |c Open Shelf   |e Default branch